MSP na Slovensku bakalárska práca

Na minha lista:
Detalhes bibliográficos
Autor principal: Naništa, Jakub
Autor Corporativo: Obchodná fakulta EU. Katedra služieb a cestovného ruchu - zrušené
Outros Autores: Krošláková, Monika, 1975-
Formato: Livro
Idioma:eslovaco
Publicado em: Bratislava 2012
Tags: Adicionar Tag
Sem tags, seja o primeiro a adicionar uma tag!

MARC

LEADER 00000nbm a2200000 4500
001 0154228
005 20161109111828.1
041 0 |a slo 
044 |a SK 
245 1 0 |a MSP na Slovensku  |b bakalárska práca  |c Jakub Naništa ; školiteľ: Monika Krošláková 
264 1 |a Bratislava  |c 2012 
300 |a 55 s. 
100 1 |a Naništa, Jakub 
700 1 |a Krošláková, Monika, 1975- 
710 2 |a Obchodná fakulta EU. Katedra služieb a cestovného ruchu - zrušené